| 000 | 00432nam a2200157Ia 4500 | ||
|---|---|---|---|
| 008 | 230524s9999 xx 000 0 und d | ||
| 082 |
_a5.15 _bGOP |
||
| 100 |
_aS.Chandra (Editor) _98625 |
||
| 245 | 0 | _aEternal Quest (Life & Times of- Avul Pakir Jainulabdeen Abdul Kalam) | |
| 250 | _a1ST | ||
| 260 |
_aNEW DELHI _bPentagon _c2003 |
||
| 300 | _a62 | ||
| 500 | _aQuantity Number: 1 | ||
| 650 |
_aMiscellaneous _91877 |
||
| 942 | _cBK | ||
| 999 |
_c12508 _d12508 |
||